000 00595nam a2200205Ia 4500
005 20250421141803.0
008 250326s9999 xx 000 0 und d
020 _a9788184958454
_qpbk
041 _aeng
082 _a327.12
_bBAR
100 _aBar-Zohar, Michael
245 0 _aMossad
_bThe greatest missions of the Israeli secret service
_c/ Michael Bar-Zoha
250 _a1st ed.
260 _bJaico
_cc2016
_aMumbai
300 _a388 p.
_c22 cm.
504 _aBib and Ref
650 _aIntelligence service Israel; Secret service; Israel
700 _aNissim Mishal
942 _cENGLISH
999 _c569414
_d569414